|
|
|
|
| LEADER |
00000naa2a2200000 4500 |
| 001 |
294499 |
| 005 |
20231101001926.0 |
| 035 |
|
|
|a (RuTPU)RU\TPU\book\319572
|
| 035 |
|
|
|a RU\TPU\book\95882
|
| 090 |
|
|
|a 294499
|
| 100 |
|
|
|a 20150514d2000 k y0rusy50 ca
|
| 101 |
0 |
|
|a rus
|
| 102 |
|
|
|a RU
|
| 200 |
1 |
|
|a Гуманитарная среда в библиотеке технического вуза
|f М. Н. Тарасова
|
| 463 |
|
0 |
|0 (RuTPU)RU\TPU\book\76427
|t Вековой юбилей научно-технической библиотеки Томского политехнического университета
|o 1900-2000
|f отв. за вып. Н. И. Размарилова
|v С. 38-39
|d 2000
|p 63 с.
|
| 610 |
1 |
|
|a библиотеки
|
| 610 |
1 |
|
|a университетские библиотеки
|
| 610 |
1 |
|
|a труды учёных ТПУ
|
| 610 |
1 |
|
|a технические вузы
|
| 610 |
1 |
|
|a гуманитарная среда
|
| 700 |
|
1 |
|a Тарасова
|b М. Н.
|c заведующая отделом читальных залов НТБ Томского политехнического университета
|f 1962-
|g Марина Николаевна
|2 stltpush
|3 (RuTPU)RU\TPU\pers\34203
|
| 801 |
|
1 |
|a RU
|b 63413507
|c 20060120
|g PSBO
|
| 801 |
|
2 |
|a RU
|b 63413507
|c 20150514
|g RCR
|
| 942 |
|
|
|c BK
|